| 000 | 01215cam a22003377a 4500 | ||
|---|---|---|---|
| 003 | CHAP | ||
| 005 | 20220329133607.0 | ||
| 008 | 971013s1992 r 00010 d | ||
| 010 | _a8331 | ||
| 011 | _a9303 | ||
| 035 | _a8538 | ||
| 040 | _cCHAP | ||
| 090 | _aTesis | ||
| 100 | 0 | 0 |
_aVargas Morales, Aarón. _9118065 |
| 245 | 1 | 0 | _aControl químico de la maleza zacate "cañita" (Sorghum bicolor (L.) Moench) en sorgo de grano (Sorghum bicolor (L.) Moench) en Tenango, Morelos |
| 260 |
_aChapingo, Méx. : _bEl autor, _c1992 |
||
| 300 | _a42 h. | ||
| 502 | _aTesis (Ing. Agr. Esp. en Parasitología Agrícola) -- UACH. Departamento de Parasitología Agrícola | ||
| 590 |
_aALEPH _b10 _c20130110 _lUCH01 _h1222 |
||
| 590 |
_aBATCH-UPD _b10 _c20130110 _lUCH01 _h0908 |
||
| 590 |
_aBATCH-UPD _b10 _c20130410 _lUCH01 _h0534 |
||
| 590 |
_aBATCH-UPD _b10 _c20130914 _lUCH01 _h1607 |
||
| 590 |
_aCONVERSION _b10 _c20130109 _lUCH01 _h1306 |
||
| 650 | 1 | 4 |
_aHerbicidas. _953691 |
| 650 | 1 | 4 |
_aMalas hierbas _xControl. _970011 |
| 650 | 1 | 4 |
_aSorgo _xMalas hierbas _xControl. _9108692 |
| 901 | _aBK | ||
| 942 | _cFOLL | ||
| 949 |
_bBC _cTES _d-18764 _eTS1 _h26325 _i8538 _si |
||
| 949 |
_bBC _cTES _d33724000695367 _eTS2 _fc.2 _h26326 _i8538 _si |
||
| 999 |
_c8331 _d8331 |
||